Biodiversidad de Oaxaca (Registro nro. 19782)

Detalles MARC
000 -CABECERA
Campo de control 01016nam a22003017a 4500
005 - FECHA Y HORA DE LA ULTIMA TRANSACCION
Campo de control 20200104041758.0
008 - ELEMENTOS DE LONGITUD FIJA—INFORMACION GENERAL
Campo de control 170829b mx ||||| |||| 00| 0 spa d
020 ## - ISBN
ISBN 9703220452
040 ## - FUENTE DE CATALOGACIÓN
Agencia catalogadora original CO-BoIAVH
Agencia transcriptora CO-BoIAVH
041 ## - IDIOMA
Código de idioma para texto/pista de sonido o título separado Español
044 ## - PAÍS DE PUBLICACIÓN
País de publicación México
082 ## - NUMERO DE CLASIFICACION DECIMAL DEWEY
Número de clasificación 333.95
Número del ítem U58b
110 ## - ASIENTO PRINCIPAL--NOMBRE CORPORATIVO
Nombre corporativo o de jurisdicción como elemento de entrada Universidad Nacional Autónoma de México
9 (RLIN) 20602
245 10 - MENCION DE TITULO
Título Biodiversidad de Oaxaca
260 ## - PUBLICACION, DISTRIBUCION, ETC. (PIE DE IMPRENTA)
Lugar de publicación, distribución, etc. México :
Nombre del editor, distribuidor, etc. Unam. Instituto de Biología,
Fecha de publicación, distribución, etc. 2004.
300 ## - DESCRIPCION FISICA
Extensión 605 páginas, [16] páginas de laminas:
Otros detalles físicos fotografías a color, mapas
Dimensiones 28 x 21 cm
650 14 - ASIENTO SECUNDARIO DE MATERIA - TERMINO TEMATICO
Término temático o nombre geográfico como elemento de entrada Biodiversidad
Subdivisión de forma Conservación
Subdivisión general Recursos naturales
Subdivisión geográfica Oaxaca
9 (RLIN) 89683
650 14 - ASIENTO SECUNDARIO DE MATERIA - TERMINO TEMATICO
Término temático o nombre geográfico como elemento de entrada Geología
9 (RLIN) 93001
650 14 - ASIENTO SECUNDARIO DE MATERIA - TERMINO TEMATICO
Término temático o nombre geográfico como elemento de entrada Suelos
9 (RLIN) 287
650 14 - ASIENTO SECUNDARIO DE MATERIA - TERMINO TEMATICO
Término temático o nombre geográfico como elemento de entrada Clima
9 (RLIN) 92779
650 14 - ASIENTO SECUNDARIO DE MATERIA - TERMINO TEMATICO
Término temático o nombre geográfico como elemento de entrada Evolución floristica
9 (RLIN) 83619
650 14 - ASIENTO SECUNDARIO DE MATERIA - TERMINO TEMATICO
Término temático o nombre geográfico como elemento de entrada Fauna
9 (RLIN) 92594
650 14 - ASIENTO SECUNDARIO DE MATERIA - TERMINO TEMATICO
Término temático o nombre geográfico como elemento de entrada Flora
9 (RLIN) 92293
710 ## - ASIENTO SECUNDARIO - NOMBRE CORPORATIVO
Nombre corporativo o de jurisdicción como elemento de entrada Universidad Autónoma de México
9 (RLIN) 83622
710 ## - ASIENTO SECUNDARIO - NOMBRE CORPORATIVO
Nombre corporativo o de jurisdicción como elemento de entrada Fondo Oaxaqueño para la Conservación de la Naturaleza
9 (RLIN) 83623
710 ## - ASIENTO SECUNDARIO - NOMBRE CORPORATIVO
Nombre corporativo o de jurisdicción como elemento de entrada World Wildlife Fund
9 (RLIN) 89689
942 ## - ELEMENTOS ADICIONALES (KOHA)
Sistema de clasificación Dewey Decimal Classification
Tipo de ítem Libro
Existencias
Withdrawn status Lost status Sistema de Clasificación Damaged status No para préstamo Colección Inventariado Ubicación Permanente Ubicación actual Fecha de adquisición Fuente de Valor Valor Total Checkouts Número topográfico Inventario / Código de Barras Date last seen Ejemplar Price effective from Forma de adquisición Tipo de material
    Dewey Decimal Classification     General Inventariado 2017 Bogotá Bogotá 29/08/2017 Libros Unam 30000.00   LB-333.95 U58b 042761 29/08/2017 Ej. 1 29/08/2017 Donación Libro